5HLuxD.jpg

KING HENRY VIII SENIOR AND PRIMARY SCHOOL LIBRARY OPAC

POSTMAN BEAR (Record no. 4688)

000 -LEADER
fixed length control field 00333nam a22001217a 4500
008 - FIXED-LENGTH DATA ELEMENTS--GENERAL INFORMATION
fixed length control field 250307b ||||| |||| 00| 0 eng d
020 ## - INTERNATIONAL STANDARD BOOK NUMBER
International Standard Book Number 9781447273424
082 ## - DEWEY DECIMAL CLASSIFICATION NUMBER
Classification number E FIC DON
100 ## - MAIN ENTRY--PERSONAL NAME
Personal name DONALDSON,JULIA
Relator term AUTHOR
245 ## - TITLE STATEMENT
Title POSTMAN BEAR
260 ## - PUBLICATION, DISTRIBUTION, ETC.
Place of publication, distribution, etc. 20 NEW WHARF ROAD,LONDON N1 9RR
Name of publisher, distributor, etc. MACMILLAN CHILDREN'S BOOKS
Date of publication, distribution, etc. 2015
942 ## - ADDED ENTRY ELEMENTS (KOHA)
Source of classification or shelving scheme
Holdings
Withdrawn status Lost status Source of classification or shelving scheme Damaged status Not for loan Collection code Permanent Location Current Location Shelving location Date acquired Total Checkouts Total Renewals Full call number Barcode Date last seen Date last checked out Price effective from Koha item type Public note
          Fiction KH8 Primary School Library KH8 Primary School Library Fiction 2025-03-07 7 1 E FIC DON KHPL000006498 2026-02-24 2026-02-10 2025-03-07 Books - Fiction KH8 PRIMARY LIBRARY

Powered By KH8 IT Dept